|
|
|
|
| LEADER |
00000nab a2200000 a 4500 |
| 001 |
vtls000930490 |
| 003 |
SK-MaSNL |
| 005 |
20260303034853.0 |
| 008 |
040720e20030718xo 0 slo |
| 035 |
|
|
|a KE39367
|
| 040 |
|
|
|a KEVKJB
|b slo
|c KEVKJB
|e AACR2
|
| 041 |
0 |
|
|a slo
|
| 044 |
|
|
|a xo
|c SK
|
| 080 |
|
|
|a 943.767.1
|2 1981
|
| 100 |
1 |
|
|a Duchoň, Jozef
|4 aut
|9 317656
|
| 245 |
1 |
0 |
|a Pretvorená mačka potlačila ľudskosť
|b Potulky starými košickými predmestiami - Horný Hušták
|
| 300 |
|
|
|b 4 foto
|
| 518 |
|
|
|a stor. 19.
|
| 650 |
0 |
7 |
|a predmestia
|2 KEVKJB
|9 325103
|
| 650 |
0 |
7 |
|a huštáky
|2 KEVKJB
|9 880376
|
| 650 |
0 |
7 |
|a kroniky
|2 KEVKJB
|9 29539
|
| 650 |
0 |
7 |
|a požiare
|2 KEVKJB
|9 1504
|
| 650 |
0 |
7 |
|a priemysel
|2 KEVKJB
|9 1618
|
| 650 |
0 |
7 |
|a ulice
|2 KEVKJB
|9 2938
|
| 651 |
|
7 |
|a Horný hušták
|2 KEVKJB
|9 1020838
|
| 651 |
|
7 |
|a Košice (Slovensko)
|2 KEVKJB
|9 18694
|
| 651 |
|
7 |
|a KE,
|2 KEVKJB
|9 877256
|
| 655 |
|
7 |
|a periodikum
|2 snkbucl
|9 29553
|
| 773 |
0 |
8 |
|t Košický večer
|g Roč. 14
|g Roč. 35, 18.7.2003, s. 5
|
| 773 |
0 |
8 |
|i Príl.:
|t Magazín. - Roč. 8, č. 28 (2003)
|
| 852 |
|
|
|a ZVYKNI
|b KIS3GCP
|
| 999 |
|
|
|c 1675111
|d 1677041
|